| 000 | 00752nam a2200217 a 4500 | ||
|---|---|---|---|
| 001 | 000044514 | ||
| 003 | DO-SdBNP | ||
| 005 | 20180222102929.0 | ||
| 007 | 000044514 | ||
| 008 | 140704s20uu dr a 000 0 spa d | ||
| 040 |
_aBPMET _bspa _cBPMET |
||
| 100 | 1 | _aNavarro, Agustín | |
| 245 | 1 | 0 |
_aAguafiestas : _bcontra la violencia intrafamiliar, versión popular de la Ley 24-97 / _cAgustín Navarro ; ilustración Cristian Hernández. |
| 260 |
_aSanto Domingo : _bPROFAMILIA, _c[190?]. |
||
| 300 |
_a28 p. : _bil. ; _c29 cm. |
||
| 700 | 1 | 2 |
_aHernández Cristian _eil. |
| 710 | 2 | _aAsociación Dominicana Pro-Bienestar de la Familia (PROFAMILIA,) | |
| 942 |
_2ddc _cBK |
||
| 945 | _aInventariado, 2018 / BT | ||
| 956 |
_aVMATEO _b10 _c20140707 _lBPMSU _h0069 |
||
| 999 |
_c7230 _d7230 |
||